Т. 21: Читинская область; Гидрогеология СССР

Opis bibliograficzny
Parent link:Гидрогеология СССР: В 50 т./ Гл. ред. А. В. Сидоренко. Т. 21: Читинская область.— , 1966-
Kolejni autorzy: Толстихин Н. И. (редактор)
Język:rosyjski
Wydane: 1969
Hasła przedmiotowe:
Format: Książka
KOHA link:https://koha.lib.tpu.ru/cgi-bin/koha/opac-detail.pl?biblionumber=47637

MARC

LEADER 00000nam2a2200000 4500
001 47637
005 20231031030334.0
035 |a (RuTPU)RU\TPU\book\49753 
035 |a RU\TPU\book\49751 
090 |a 47637 
100 |a 20030219d1969 k y0rusy50 ca 
101 0 |a rus 
102 |a RU 
105 |a ab z 001zy 
200 0 |a Т. 21: Читинская область  |f Ред. Н. И. Толстихин 
210 |d 1969 
215 |a 443 с.  |c ил.  |e Прил.: 2 л. карт 
320 |a Библиогр.: с. 434-443. 
461 1 |0 (RuTPU)RU\TPU\book\49681  |t Гидрогеология СССР  |o В 50 т.  |f Гл. ред. А. В. Сидоренко  |v Т. 21: Читинская область  |d 1966- 
610 1 |a гидрогеология 
610 1 |a СССР 
610 1 |a Россия 
610 1 |a Читинская область 
610 1 |a воды подземные 
610 1 |a использование 
610 1 |a формирование 
610 1 |a гидрогеологическое районирование 
610 1 |a полезные ископаемые 
610 1 |a месторождения 
610 1 |a инженерно-геологическая характеристика 
610 1 |a гидрогеологическое районирование 
675 |a 556.3(47+57)  |v 3 
702 1 |a Толстихин  |b Н. И.  |4 340 
801 1 |a RU  |b 63413507  |c 20030219  |g PSBO 
801 2 |a RU  |b 63413507  |c 20160420  |g PSBO 
942 |c BK